|
|
|
|
| LEADER |
00000nam a22000007a 4500 |
| 005 |
20190614002131.0 |
| 007 |
cr|||| ||| |
| 008 |
190614s2019 mx |||||s|||| 00||0 spa d |
| 020 |
|
|
|a 978-607-541-125-5
|
| 035 |
|
|
|a 23429
|
| 040 |
|
|
|a vLex
|
| 090 |
|
|
|c 8889
|d 8889
|
| 100 |
1 |
|
|a Hernǹdez Rodrg̕uez, Jess︢
|
| 245 |
1 |
0 |
|a Gua̕ prc̀tica para la elaboracin̤ de la nm̤ina 2019
|h [Recurso electrn̤ico] /
|c Jess︢ Hernǹdez Rodrg̕uez, Mn̤ica Isela Galindo Cosme
|
| 256 |
|
|
|a Servicio en ln̕ea
|
| 260 |
|
|
|a Ciudad de Mx̌ico:
|b Ediciones Fiscales ISEF,
|c 2019
|
| 300 |
|
|
|a 1 recurso electrn̤ico
|
| 506 |
1 |
|
|a Disponible solo en los productos indicados
|d vLex Global
|d vLex Global (Academic Edition, excluding Law Schools)
|d vLex Global (U.S. Academic Edition, Law Schools)
|d vLex Global (U.S. Academic Edition, excluding Law Schools)
|d vLex Global (Academic Edition, Law Schools)
|
| 650 |
0 |
4 |
|a Derecho Fiscal
|z Mx̌ico
|
| 700 |
1 |
|
|a Galindo Cosme, Mn̤ica Isela
|
| 740 |
0 |
|
|a vLex Libros (Servicio en ln̕ea)
|
| 856 |
4 |
0 |
|u http://vlex.com/source/guia-practica-para-la-elaboracion-de-la-nomina-2019-23429
|z Acceso restringido
|
| 942 |
|
|
|c BOOK
|
| 999 |
0 |
|
|a Tax Law
|